[Event "World Junior U20 Open 2018"]
[Site "Gebze"]
[Date "2018.09.14"]
[Round "10.28"]
[White "Schitco, Ivan"]
[Black "Priasmoro, Novendra"]
[Result "1-0"]
[WhiteElo "2358"]
[BlackElo "2498"]
[Annotator "TA"]
[PlyCount "121"]
[EventDate "2018.09.05"]
[EventType "swiss"]
[EventCountry "TUR"]
[SourceTitle "playchess.com"]
[Source "ChessBase"]
[SourceQuality "1"]

{[%evp 16,121,66,34,75,73,71,70,68,64,91,100,79,83,75,83,87,82,90,81,91,92,85,73,81,57,65,10,106,47,94,72,87,73,177,92,116,117,134,118,148,146,162,158,207,199,199,175,214,169,183,113,159,62,83,73,51,58,72,60,59,61,59,56,171,166,151,160,628,522,743,746,735,727,980,488,390,266,239,21,63,0,310,359,29958,29959,29960,29956,29966,29962,883,863,29985,501,29986,29987,29990,29985,29985,29979,29981,29979,29989,29985,29990,29991,29992,29988]} 1. d4 Nf6 2. c4 g6 3. Nc3 Bg7 4. e4 d6 5. Nge2 O-O 6. Ng3 c5 7. d5 e6 8. Be2 exd5 9. exd5 Na6 {E70: King's Indian: Miscellaneous lines with 4 e4, including 5 Nge2 and 5 Bd3 0-0 6 Nge2} (9... h5 10. Bg5 Qb6 11. Qd2 Nh7 12. Be3 Nd7 13. O-O f5 14. Rfe1 Ne5 15. h3 Bd7 16. f4 Nf7 17. Bf3 {1-0 (41) Dobrov,V (2515)-Kovalev,V (2639) Riadh 2017}) 10. O-O Nc7 11. Bg5 h6 {White is slightly better.} 12. Bf4 a6 $146 ({Predecessor:} 12... Re8 13. Qd2 g5 14. Be3 Ng4 15. Bxg4 Bxg4 16. Rae1 b5 17. cxb5 Bd7 18. Qd3 a6 19. Nh5 axb5 20. Nxg7 Kxg7 21. f4 b4 22. fxg5 hxg5 {1-0 (22) Del Rey,D (2373)-Movsziszian,K (2509) Roquetas de Mar 2014}) 13. a4 Rb8 14. a5 b5 15. axb6 $1 Rxb6 16. Qd2 Kh7 17. h3 Nfe8 18. Bd3 f5 19. Na4 Rb4 20. Qc2 Bd7 21. Rfb1 (21. Nc3 $14) 21... Qb8 (21... Nxd5 $11 22. Bd2 Rxa4 23. Rxa4 Bxa4 24. Qxa4 Qh4) 22. Bd2 ({White should play} 22. Nc3 $16) 22... Rb7 23. Ne2 Nf6 24. Nac3 Re8 {[#]} (24... Qe8 $16) 25. f3 (25. g4 $1 $18 {[%mdl 512]}) 25... Re7 26. Nf4 Nfe8 27. g4 Bd4+ 28. Kg2 Ng7 29. h4 Qf8 30. h5 gxh5 31. Rh1 $1 (31. gxh5 Qf6 $14) 31... Be3 32. Bxe3 $1 (32. Nxh5 $6 Kg8 $16) 32... Rxe3 33. Qd2 (33. Nxh5 Kg8 $11) (33. Kf2 $1 $18 {[%cal Rf2e3]} Re7 34. Rag1 (34. gxh5 Qf6 $14) (34. Nxh5 Kg8 $11)) 33... Qe7 34. Kf2 ({Better is} 34. Nxh5 $16 {Hoping for Ne4!} Kg8 35. Nf6+ Qxf6 36. Qxe3 Rxb2+ 37. Ne2) 34... hxg4 35. fxg4 (35. Qxe3 $2 {is the wrong capture.} g3+ $1 {[%mdl 512]} 36. Kxg3 Qxe3 $19) 35... Rxb2 36. Qxb2 Qe5 {[#]} 37. Nce2 $1 Qxb2 38. Kxe3 Kg8 39. Rab1 Qe5+ (39... Qf6 $1 $14) 40. Kd2 $18 fxg4 41. Rxh6 Bf5 $2 (41... Nf5 $16 42. Rb8+ Ne8) 42. Rb8+ Nce8 43. Bxf5 Qxf5 44. Rxd6 $1 a5 45. Ne6 (45. Rdd8 $142 Kf7 46. d6 Nxd6 47. Rxd6) 45... Qe5 46. Rdd8 {And now Rb7 would win.} Kh7 47. Rb7 $2 ({Don't take} 47. Rxe8 $6 Nxe8 48. Rxe8 Qb2+ 49. Ke3 a4) (47. Nxc5 Nd6 $11) (47. Rdc8 $18) 47... Kh6 $11 48. Rb6 (48. Ra8 $14) 48... Kh7 $2 {[%mdl 8192]} (48... Nf6 $11) 49. Rd7 $18 a4 $2 (49... Qf6 $18 50. Rbb7 Qh6+ 51. Kd3 Kh8 52. Rxg7 (52. Nxc5 Qh3+ 53. Kd2 Qh6+ 54. Kd3 Qh3+ 55. Kd2 Qh6+ 56. Kd1 Qh1+ 57. Kc2 Qh2 $11) 52... Nxg7 53. Rxg7 Qh3+ 54. Kd2 Qh4) 50. Nxg7 Nxg7 51. Rbb7 a3 52. Rxg7+ Kh6 53. Rge7 Qa1 54. d6 (54. Nc3 $142 Kg5 55. Re1 Qxe1+ 56. Kxe1 Kf6 57. Ne4+ Kf5 58. d6 Ke6 59. d7) 54... a2 (54... Qf6 $18 55. Rh7+ Kg6 56. Rbg7+ Qxg7 57. Rxg7+ Kxg7) 55. d7 {White mates.} Qh8 56. Ra7 Qb8 57. Re6+ Kg5 {[#]} 58. Re5+ $1 {[%mdl 512]} Kh4 (58... Qxe5 59. d8=Q+) 59. Rxa2 g3 60. Rd5 Qd8 61. Ra8 {Precision: White = 61%, Black = 40%.} 1-0

[Event "World Junior U20 Open 2018"]
[Site "Gebze"]
[Date "2018.09.14"]
[Round "10.29"]
[White "Sadikhov, Ulvi"]
[Black "Krishna Teja, N."]
[Result "1-0"]
[WhiteElo "2491"]
[BlackElo "2356"]
[Annotator "TA"]
[PlyCount "79"]
[EventDate "2018.09.05"]
[EventType "swiss"]
[EventCountry "TUR"]
[SourceTitle "playchess.com"]
[Source "ChessBase"]
[SourceQuality "1"]

{[%evp 16,79,30,19,27,22,42,53,67,65,70,62,65,75,62,70,72,67,63,73,53,46,70,61,50,64,74,47,49,36,52,56,56,68,62,0,0,0,0,0,0,0,2,0,0,0,0,0,0,0,0,0,8,8,8,0,8,8,8,9,34,18,20,26,29969,12093]} 1. e4 c6 2. c4 d5 3. exd5 cxd5 4. cxd5 Nf6 5. Nc3 Nxd5 6. Nf3 Nc6 7. Bb5 {B10: Caro-Kann: 2 d3 and 2 c4} Nc7 8. Bxc6+ bxc6 9. O-O {LiveBook: 3 Games. White has an edge.} Bg4 10. h3 Bh5 $146 ({Predecessor:} 10... Bxf3 11. Qxf3 Nd5 12. b3 g6 13. Nxd5 Qxd5 14. Qc3 f6 {1-0 (46) Zvjaginsev,V (2659)-Popov,I (2632) Khanty-Mansiysk 2013}) 11. d4 e6 12. g4 Bg6 13. Qa4 Bd6 14. Qxc6+ Qd7 15. Qxd7+ Kxd7 16. Ne5+ Ke7 17. Bf4 f6 18. Nc6+ Kd7 19. Bxd6 Kxd6 20. Na5 $1 h5 21. Kg2 (21. g5 $5) 21... Rab8 22. b3 hxg4 {[#] And now ...Nd5 would win.} 23. hxg4 Nd5 24. Nc4+ Kd7 25. Na4 (25. Nxd5 $14 Be4+ 26. f3 Bxd5 27. Rh1) 25... Rh4 $36 {[%mdl 2048] Black has some pressure.} 26. Nc5+ Ke7 27. Ne3 Rbh8 {aiming for ...Rh2+.} 28. Nxd5+ exd5 29. Rfe1+ Kf7 30. Kf3 Rh3+ 31. Ke2 R8h4 32. Rg1 Rc3 33. Rac1 Rxg4 34. Rxc3 Rxg1 35. Nd3 Bxd3+ 36. Kxd3 {KR-KR} Rd1+ 37. Ke2 Rxd4 38. Rc7+ Kg6 39. Rxa7 f5 $2 {[%mdl 8192] [#]} (39... Re4+ $11 40. Kf3 Re1) 40. Ra4 $1 {Precision: White = 87%, Black = 62%.} 1-0

[Event "World Junior U20 Open 2018"]
[Site "Gebze"]
[Date "2018.09.14"]
[Round "10.30"]
[White "Tang, Andrew"]
[Black "Schekachikhin, Maksim"]
[Result "0-1"]
[WhiteElo "2489"]
[BlackElo "2356"]
[Annotator "TA"]
[PlyCount "110"]
[EventDate "2018.09.05"]
[EventType "swiss"]
[EventCountry "TUR"]
[SourceTitle "playchess.com"]
[Source "ChessBase"]
[SourceQuality "1"]

{[%evp 19,110,11,25,22,35,9,25,20,6,0,12,17,58,59,42,56,34,61,113,114,114,114,155,155,135,141,143,152,141,143,132,121,177,181,131,122,113,-2,-2,-282,-275,-276,-262,-261,-256,-239,-126,-107,-103,-105,-121,-184,-199,-239,-235,-245,-245,-238,-227,-314,-314,-307,-307,-307,-303,-302,-281,-297,-292,-394,-358,-385,-391,-486,-430,-630,-466,-445,-409,-415,-391,-464,-464,-536,-532,-688,-661,-638,-625,-529,-533,-29980,-29981]} 1. d4 d6 2. c4 e5 3. Nf3 e4 4. Ng5 {[%cal Bf3g5,Bg5h3,Bh3f4][%mdl 32]} f5 5. Nc3 Be7 6. Nh3 Nf6 7. Bg5 O-O {A21: Englische Eröffnung} (7... c6 8. e3 Nbd7 9. Nf4 Nf8 10. h4 Ne6 11. Be2 Nxf4 12. Bxf4 Be6 13. d5 Bf7 14. Qd2 O-O 15. Rd1 cxd5 16. cxd5 {0-1 (43) Rakhmanov,A (2667)-Vitiugov,N (2726) Tallinn 2016}) 8. e3 Be6 9. Nf4 Bf7 10. h4 Nbd7 {LiveBook: 3 Partien} 11. Be2 c6 12. h5 $146 ({Vorgänger:} 12. g3 d5 13. cxd5 cxd5 14. Qb3 {½-½ (69) Sergeev,V (2395)-Smirnov,P (2558) Khanty-Mansiysk 2011}) 12... a6 13. a4 a5 14. Bh4 Nb6 15. Qb3 Rb8 {[#]} 16. g4 $1 {[%mdl 512]} fxg4 17. Bxf6 Bxf6 18. Nxe4 Be7 (18... Bxd4 $14 19. exd4 d5) 19. h6 $16 ({Viel schwächer wäre} 19. Bxg4 $6 d5 $11) 19... g5 {[#]} 20. d5 $1 $36 {[%mdl 2048] Weiss hat starke Initiative.} Nd7 (20... gxf4 21. Qc3 Bf6 22. Nxf6+ Kh8 23. Nxg4+ Qf6 24. Qxf6+ Kg8 25. Qg7#) 21. Ne6 ({Minderwertig wäre} 21. Qc3 Bf6 $15) 21... Bxe6 22. dxe6 Ne5 23. O-O-O Qc8 24. Qc3 {Droht stark Lxg4!} Qxe6 {[#]} 25. c5 $1 {[%cal Rc5d6]} Rbd8 (25... d5 $16 {war nötig.} 26. Bxg4 Qxg4 27. Qxe5 Kf7) 26. cxd6 $18 Bf6 27. Nc5 Qa2 {Und weiter mit ...Sd3+! wäre nett.} 28. Kc2 ({Lieber} 28. Qa3 $16 Qf7 29. Ne4) 28... Nd3 $1 $11 29. Qb3+ $2 {[%mdl 8192]} (29. Bxd3 $11 {und Weiss muss sich keine Sorgen machen.} Bxc3 30. Kxc3 Rxf2 31. Bc4+ Qxc4+ 32. Kxc4 Rc2+ 33. Kd4 (33. Kb3 Rxc5 34. Rhg1 Kf7 $17) 33... Rxd6+ 34. Ke4 Rxd1 35. Rxd1 Rxc5 36. Rd7) 29... Qxb3+ $19 30. Nxb3 Nxf2 31. Nxa5 Nxh1 32. Rxh1 Rxd6 (32... b6 $19 33. Nc4 b5) 33. Nxb7 $17 Rd7 34. Nc5 Re7 35. Bxg4 (35. Rg1 $17) 35... Rxe3 $19 36. Nd7 {Schwarz muss nun Tf1 beachten.} Rf7 37. Rd1 Be7 38. a5 {Droht a6 und aus.} Rf2+ 39. Rd2 Rxd2+ 40. Kxd2 {[%mdl 4096] Endspiel KTL-KLS} Re4 41. Bf5 Ra4 42. Be6+ Kh8 43. Ne5 Rxa5 44. Nxc6 Ra6 45. Bd7 Bf8 46. Kc3 Bxh6 47. b4 (47. Kd3 $142) 47... Rb6 48. Kc4 Bf8 49. b5 Kg7 50. Ne5 Bd6 51. Nf3 Kf6 52. Kd5 h5 53. Nd2 {beabsichtigt Sc4.} Bf4 54. Ne4+ Ke7 55. Nc5 Rd6+ {Precision: Weiß = 47%, Schwarz = 70%.} 0-1

[Event "World Junior U20 Open 2018"]
[Site "Gebze"]
[Date "2018.09.14"]
[Round "10.31"]
[White "Tutisani, Noe"]
[Black "Kalogeris, Ioannis"]
[Result "1/2-1/2"]
[WhiteElo "2471"]
[BlackElo "2352"]
[Annotator "TA"]
[PlyCount "160"]
[EventDate "2018.09.05"]
[EventType "swiss"]
[EventCountry "TUR"]
[SourceTitle "playchess.com"]
[Source "ChessBase"]
[SourceQuality "1"]

{[%evp 19,160,2,10,-3,16,9,19,8,24,9,65,58,72,72,64,68,75,62,78,68,83,48,62,39,81,80,81,76,102,80,77,53,97,102,151,158,159,158,162,160,160,158,160,149,160,177,222,155,166,153,164,151,158,151,155,155,185,0,172,169,169,173,172,155,155,155,156,155,155,152,149,150,183,154,156,154,156,135,157,136,146,152,161,161,161,161,161,165,203,200,200,196,210,170,226,195,196,196,244,255,239,173,275,269,268,231,258,258,413,359,332,274,1087,1027,1008,661,661,661,655,638,582,357,1087,1054,800,638,638,638,638,610,601,510,441,363,363,0,0,0,0,0,0,0,0]} 1. e4 e5 2. Nf3 Nc6 3. Bb5 Nf6 4. d3 Bc5 5. Bxc6 dxc6 6. Be3 {C65: Ruy Lopez: Berlin Defence (3...Nf6), unusual lines and 4 0-0 Bc5} Bd6 7. Nc3 (7. h3 c5 8. Nc3 Nd7 9. O-O Nf8 10. Nd2 Ng6 11. Nc4 O-O 12. Ne2 Be6 13. b3 Be7 {½-½ (29) Anand,V (2768)-Karjakin,S (2773) Saint Louis 2018}) 7... O-O 8. h3 Re8 9. O-O Nd7 {[%cal Bf6d7,Bd7f8,Bf8e6,Be6f4][%mdl 32]} 10. Nd2 Nf8 {LiveBook: 4 Games} 11. Ne2 {[%cal Bc3e2,Be2g3,Bg3f5][%mdl 32]} Ne6 12. Nc4 c5 13. a4 $146 ({Predecessor:} 13. Qe1 f6 {½-½ (52) Kalogeris,I (2385)-Simeonidis,I (2197) Chania 2018}) 13... f6 14. Qd2 g5 (14... Nd4 $11) 15. Ng3 Nf4 16. Qd1 Be6 17. Bd2 Qd7 18. Ne3 Rf8 19. Ngf5 Ng6 20. g3 Ne7 {[%cal Re7f5]} 21. Qf3 (21. Qg4 {keeps more tension.} Kh8 22. h4 Rg8 23. Rfe1 Nc6 24. Kg2) 21... Bxf5 22. Nxf5 Nxf5 23. exf5 c6 24. Rfe1 Rf7 25. Re4 Bf8 26. h4 gxh4 27. Rxh4 Qd5 28. Qh5 Rg7 29. b3 Rd8 30. Be3 b6 31. Re4 Qf7 32. Qh4 Kh8 33. Kg2 Bd6 34. Rh1 Rd7 35. Qh3 Bf8 36. f3 Rb7 37. Rh4 Bd6 {intending ...e4.} 38. Re4 $2 {[#]} ({White should try} 38. g4 $18) 38... Rd7 $2 (38... Bf8 $1 $11) 39. Kf2 $18 Rb7 40. Qh4 Rd7 41. Rg4 Rxg4 42. Qxg4 Bf8 43. Qe4 Qd5 44. Ke2 Rg7 45. g4 Rf7 46. Kd2 Be7 47. Re1 Kg8 48. Kc1 Kf8 49. Bh6+ Ke8 50. c4 Qxe4 51. dxe4 $16 {[%mdl 4096] Endgame KRB-KRB} ({Don't do} 51. fxe4 $6 Bf8 $14) 51... Bd8 52. Rd1 Rc7 53. Kd2 b5 54. Kc2 Rb7 55. Bd2 a6 56. Ra1 Kd7 (56... Be7 $142 57. axb5 axb5 58. Ra8+ Kf7) 57. Bc3 Ke8 58. Rh1 Kf8 59. Rd1 Be7 60. Ra1 Bd8 (60... Ke8 $142 61. axb5 axb5 62. Ra8+ Kf7) 61. axb5 $18 axb5 62. Ra6 bxc4 63. bxc4 Bb6 $2 {[#]} (63... h6 64. Rxc6 Be7) 64. Ra8+ Kf7 65. Bd2 Ra7 $2 (65... Bc7 66. Rh8 Kg7) 66. Rxa7+ Bxa7 {KB-KB} 67. Be3 Bb6 68. Kd3 Ke7 69. Ke2 Kf7 70. Kf2 Ke7 $2 (70... Ba5 71. Bxc5 Kg8) 71. Kg3 Kf7 72. Kh4 Kf8 73. f4 Bc7 74. Bxc5+ Kg7 75. g5 exf4 76. Bd4 Be5 77. gxf6+ $2 (77. Bf2 $18 Bb8 78. gxf6+ Kxf6 79. Kg4) 77... Bxf6+ $11 {The position is equal.} 78. Bxf6+ Kxf6 79. Kg4 Ke5 80. c5 h6 $1 {Precision: White = 71%, Black = 39%.} 1/2-1/2

[Event "World Junior U20 Open 2018"]
[Site "Gebze"]
[Date "2018.09.14"]
[Round "10.32"]
[White "Hollan, Martin"]
[Black "Haldorsen, Benjamin"]
[Result "0-1"]
[WhiteElo "2336"]
[BlackElo "2461"]
[Annotator "TA"]
[PlyCount "70"]
[EventDate "2018.09.05"]
[EventType "swiss"]
[EventCountry "TUR"]
[SourceTitle "playchess.com"]
[Source "ChessBase"]
[SourceQuality "1"]

{[%evp 13,70,0,29,0,0,0,-6,-39,0,-27,-27,-17,-27,-13,-16,-37,-27,-29,-32,-50,-47,-54,-51,-58,-31,-31,-35,-54,-38,-135,-128,-134,-106,-106,-106,-100,-97,-135,-137,-149,-142,-150,-146,-184,-173,-198,-206,-213,-218,-343,-163,-155,-157,-1952,-1818,-1700,-1469,-1549,-1217]} 1. Nf3 d5 2. e3 Nf6 3. c4 e6 4. Nc3 dxc4 (4... Be7 5. b3 O-O 6. Bb2 c5 7. cxd5 Nxd5 8. Qb1 b6 9. Nxd5 exd5 10. d4 a5 11. Bd3 h6 12. O-O a4 13. e4 axb3 14. axb3 Rxa1 15. Qxa1 dxe4 16. Bxe4 {1-0 (43) Mamedyarov,S (2801)-So,W (2780) Saint Louis 2018}) 5. Bxc4 a6 6. a4 {A17: English Opening: 1...Nf6 with ...Bb4} c5 7. O-O Nc6 {LiveBook: 7 Games} 8. b3 {White has an edge.} Be7 9. Bb2 b6 $146 ({Predecessor:} 9... O-O 10. Qe2 b6 11. Rfd1 {1-0 (41) Ornstein,A (2472)-Vernersson,P (2424) Sweden 1999}) 10. Ng5 Ne5 11. Nce4 Nxc4 12. bxc4 Nxe4 13. Nxe4 O-O 14. Qf3 Ra7 15. Qg3 {[%csl Gb2][%cal Rg3g7] [#]} f6 16. d4 Rd7 17. a5 Bb7 18. Nc3 bxa5 19. Na4 cxd4 20. exd4 Bb4 21. Nc5 (21. Rfc1 $15) 21... Bxc5 $1 $17 22. dxc5 Bc6 23. Qg4 {[#]} Re8 $1 24. Rfd1 e5 25. Rxd7 Bxd7 26. Qe4 Qc7 27. Bc3 Bc6 28. Qf5 a4 29. Rd1 Qa7 30. Bb4 Qb7 31. Ba3 (31. Bc3 {is a better defense.}) 31... Bxg2 $40 {[%mdl 128] Black wants a kill.} (31... e4 $142 {Hoping for ...Qb3.} 32. h4 Qb3) 32. Rd7 $19 Qf3 33. Rxg7+ $2 (33. Qxf3 $17 Bxf3 34. Rd6) 33... Kxg7 {Black is clearly winning.} 34. Qd7+ Kf8 35. c6+ Qxa3 {Precision: White = 35%, Black = 73%.} 0-1

[Event "World Junior U20 Open 2018"]
[Site "Gebze"]
[Date "2018.09.14"]
[Round "10.33"]
[White "Zhao, Chenxi"]
[Black "Morozov, Nichita"]
[Result "1-0"]
[WhiteElo "2275"]
[BlackElo "2452"]
[Annotator "TA"]
[PlyCount "103"]
[EventDate "2018.09.05"]
[EventType "swiss"]
[EventCountry "TUR"]
[SourceTitle "playchess.com"]
[Source "ChessBase"]
[SourceQuality "1"]

{[%evp 15,103,0,4,-22,-2,-35,-28,-43,-21,-13,-18,-24,-16,-22,-4,-8,4,-24,-24,-28,-12,-36,-35,-33,0,0,0,0,0,0,5,-7,0,0,100,81,91,88,92,98,96,102,126,83,89,94,95,92,118,133,183,188,199,202,197,202,196,207,199,193,226,232,221,234,243,235,253,247,375,368,479,480,470,403,384,410,466,454,456,457,436,446,417,435,705,715,693,693,633,634]} 1. Nf3 Nf6 2. g3 d5 3. Bg2 c6 4. O-O Bf5 5. d3 h6 6. c4 dxc4 {A07: Barcza-System (Königsfianchetto mit möglichen Übergängen in andere Systeme)} (6... Nbd7 7. cxd5 cxd5 8. Nc3 e6 9. e4 dxe4 10. dxe4 Bxe4 11. Nxe4 Nxe4 12. Qe2 Nef6 13. Rd1 Qb6 14. b4 Qxb4 {½-½ (28) Ipatov,A (2650)-Belous,V (2558) Middleton 2018}) 7. dxc4 Nbd7 8. Nc3 e5 {LiveBook: 5 Partien. Die Stellung ist ausgeglichen.} 9. h3 Be7 10. Be3 O-O 11. a3 Ne4 $146 ({Vorgänger:} 11... Qc7 12. Na4 Rfd8 13. Qb3 Ne4 14. Rfd1 Ndc5 15. Nxc5 Nxc5 {½-½ (49) Minaya Molano,J-Vizantiadis,L Tel Aviv 1964}) 12. Nxe4 Bxe4 13. Qb3 Qc7 14. Rfd1 Rfd8 15. Qc3 Bf6 16. Qb4 a5 17. Qa4 Be7 18. Qb3 a4 19. Qc3 Bf6 20. Nd2 Bxg2 21. Kxg2 Be7 22. Qc2 Bc5 23. Nf1 {Und weiter mit Txd7! wäre nett.} Qb6 24. Rd6 Bd4 (24... Qa5 $11 25. Rd2 Bxe3 26. Nxe3 Nc5 27. Rxd8+ Rxd8) 25. Bxd4 $16 exd4 {[#]} 26. Rd1 $1 {[%cal Ba1d1,Bd1d4,Bd4f4][%mdl 32]} Nc5 27. R6xd4 Rxd4 28. Rxd4 Qb3 29. Qxb3 axb3 {[%mdl 4096] Endspiel KTS-KTS} 30. Nd2 Kf8 31. Kf1 Ke7 32. Rf4 g6 33. Rf3 Ra6 34. Nxb3 Na4 {[#]} 35. Nd2 $1 Nxb2 36. Rb3 Na4 37. Rxb7+ Ke6 38. Nb3 Kf6 39. c5 Ke6 40. e3 f5 41. Nd4+ Kd5 (41... Kf6 {war nötig.} 42. Nb3 Nc3) 42. Rd7+ $18 Ke4 43. Rd6 Nxc5 44. Rxg6 Rxa3 45. Rxc6 Nd3 46. Re6+ Kd5 47. Rf6 f4 48. gxf4 Ra2 49. Ne2 Rd2 (49... Kc5 $142 50. Rxh6 Ra1+ 51. Kg2 Ra2) 50. Nc3+ Kc4 51. Rc6+ Kb4 52. Ne4 {Precision: Weiß = 66%, Schwarz = 45%.} 1-0

[Event "World Junior U20 Open 2018"]
[Site "Gebze"]
[Date "2018.09.14"]
[Round "10.34"]
[White "Makhnev, Denis"]
[Black "Sawlin, Leonid"]
[Result "1/2-1/2"]
[WhiteElo "2449"]
[BlackElo "2355"]
[Annotator "TA"]
[PlyCount "61"]
[EventDate "2018.09.05"]
[EventType "swiss"]
[EventCountry "TUR"]
[SourceTitle "playchess.com"]
[Source "ChessBase"]
[SourceQuality "1"]

{[%evp 19,61,0,0,2,20,25,31,22,25,21,25,15,27,19,21,18,32,0,0,-36,25,25,18,6,6,13,13,0,0,0,0,0,0,0,0,0,0,0,0,-37,0,0,0,-136]} 1. d4 e6 2. c4 d5 3. Nf3 c6 4. Qc2 Nf6 5. g3 Be7 6. Nbd2 O-O 7. Bg2 b6 8. O-O Na6 9. e4 Bb7 10. e5 Nd7 11. a3 {E06: Closed Catalan: Early deviations} (11. b3 c5 12. Bb2 Rc8 13. Qc3 cxd4 14. Qxd4 Nb4 15. Rfc1 Bc5 16. Qc3 dxc4 17. bxc4 Qc7 18. Re1 Na6 {0-1 (31) Gurevich,M (2549)-Fressinet,L (2660) Nancy 2017}) 11... Rc8 12. cxd5 cxd5 13. Qd3 {White is slightly better.} Nc7 14. Re1 a5 $146 ({Predecessor:} 14... b5 15. Nf1 Nb6 16. h4 h6 17. b3 a5 18. Bd2 a4 {1-0 (36) Wheeler,C (2391)-Premkumar,H (2048) Dallas 2017}) 15. h4 {[%cal Bh2h4,Bh4h5,Bh5h6][%mdl 32]} Ba6 16. Qe3 a4 17. Nh2 Nb8 {[%cal Bd7b8,Bb8c6,Bc6a5,Ba5b3][%mdl 32]} 18. h5 Nc6 19. h6 g6 (19... Bg5 $15 20. f4 Bxh6) 20. Ndf3 Na5 21. Ng4 Nb3 22. Rb1 Bc4 23. Nd2 Nb5 24. Nxb3 Bxb3 25. Bf1 $1 {[%cal Rf1b5]} Bc4 26. Bg2 Bb3 (26... Ba2 $5 27. Ra1 $8 Bb3 $11) 27. Bf1 $1 {[%cal Rf1b5]} Bc4 28. Bg2 Bb3 (28... Ba2 $5 29. Ra1 $8 Bb3 $11) 29. Bf1 Bc4 30. Bg2 Bb3 (30... Ba2 $5 31. Ra1 $8 Bb3 $11) 31. Ra1 {Precision: White = 61%, Black = 74%.} (31. Bf1 $1 $11 {remains equal.} Bc4) 1/2-1/2

[Event "World Junior U20 Open 2018"]
[Site "Gebze"]
[Date "2018.09.14"]
[Round "10.35"]
[White "Bashirli, Nail"]
[Black "Mohammad Nubairshah Shaikh"]
[Result "0-1"]
[WhiteElo "2354"]
[BlackElo "2443"]
[Annotator "TA"]
[PlyCount "120"]
[EventDate "2018.09.05"]
[EventType "swiss"]
[EventCountry "TUR"]
[SourceTitle "playchess.com"]
[Source "ChessBase"]
[SourceQuality "1"]

{[%evp 15,120,6,33,29,27,41,50,22,36,10,30,8,0,-10,18,2,28,0,0,0,52,-156,-156,-156,-156,-156,-156,-152,-148,-156,-156,-187,-173,-206,-185,-207,-191,-277,-245,-321,-277,-252,-239,-243,-234,-244,-229,-260,-223,-218,-218,-210,-210,-202,-12,0,0,-205,-144,-154,-7,0,0,-299,-285,-320,-320,-320,-320,-456,-446,-432,-382,-965,-1014,-731,-1014,-604,-1014,-916,-901,-497,-435,-433,-301,-3268,-2785,-3580,-2381,-3393,-3117,-2885,-2413,-1735,-1641,-29970,-29971,-29975,-29976,-29977,-29978,-29978,-29979,-29979,-29980,-29980,-29981]} 1. e4 g6 2. d4 Bg7 3. Nc3 c6 4. Nf3 d6 5. Be2 Nf6 6. O-O O-O 7. h3 Nbd7 8. e5 Ne8 {[%cal Rd6e5]} 9. exd6 {B08: Pirc Defence: Classical System} Nxd6 10. Bf4 Nf6 11. Qc1 $146 {White is slightly better.} ({Predecessor:} 11. Qd2 Bf5 12. Rfe1 {½-½ (12) Zueger,B (2470)-Gallagher,J (2515) Switzerland 1995}) 11... Bf5 12. Rd1 Rc8 13. g4 Be6 14. Ne5 Qa5 15. Bh6 Rfd8 16. Bxg7 Kxg7 17. Qe3 Nb5 (17... Qc7 $11) 18. g5 $2 (18. Nxb5 $14 cxb5 19. c3) 18... Nxc3 $17 19. gxf6+ exf6 20. bxc3 {[#] Hoping for Ng4.} fxe5 21. dxe5 Rd5 22. f4 Qc5 23. Kf2 Bxh3 24. Rd4 Bf5 25. Rad1 Bxc2 26. Rh1 (26. Bg4 $142) 26... Bf5 27. Bd3 Qxc3 28. Bxf5 Qxe3+ 29. Kxe3 gxf5 $19 {[%mdl 4096] Endgame KRR-KRR} 30. Rg1+ Kf8 31. Rg5 Rcd8 32. Rxd5 Rxd5 33. Rxf5 {KR-KR} Ra5 34. Rh5 Kg7 $2 (34... Ra3+ $19 35. Ke4 Rxa2) 35. Rg5+ $11 Kf8 $2 (35... Kh8 $11) 36. Rh5 $1 $19 Rxa2 37. Rxh7 Rb2 (37... Ra3+ $17 38. Ke4 Kg8) 38. f5 $1 $11 a5 {[%cal Ba7a5,Ba5a4,Ba4a3,Ba3a2][%mdl 32] Strongly threatening ...Kg8.} 39. Kf4 $2 {[%mdl 8192] [#]} (39. Rh8+ $11 {and White is okay.} Kg7 40. Ra8) 39... Kg8 $1 $19 {[%cal Rg8h7]} 40. Rh1 a4 41. Ra1 b5 42. Kg5 (42. f6 $142) 42... Kg7 43. f6+ Kf8 44. Rc1 $2 (44. Rh1 Ke8 45. Kf5) 44... a3 45. Rxc6 Ke8 46. Rc7 a2 47. Re7+ Kd8 48. Ra7 b4 49. e6 Rg2+ 50. Kh5 $2 (50. Kf4 fxe6 51. Ra8+ Kc7 52. f7 Rf2+ 53. Ke3 Rxf7 54. Rxa2) 50... fxe6 51. Ra8+ Kd7 52. f7 Rf2 53. Rxa2 Rxf7 54. Ra7+ Ke8 55. Ra6 Rb7 {Black mates.} 56. Rxe6+ Kd7 57. Re1 b3 {[%cal Bb4b3,Bb3b2][%mdl 32]} 58. Kg4 b2 59. Rb1 Kc6 60. Kf3 Kc5 {Precision: White = 36%, Black = 55%.} 0-1